Datum a čas kvízu
15
Celkem bodů
Celkový počet nahraných bodů na tomto kvízu bez doplňovacích otázek.
7.
Pořadí na kvízu
Konečné umístění týmu na tomto kvízu.
Zaznamenané odpovědi
| # | Otázka | Odpověď | Body | Výsledky |
|---|---|---|---|---|
| 1. | Pražský městský soud pravomocn... | Modlitba pro Martu | 0 | |
| 2. | Minulý týden se ve Spojených s... | Joe Biden | 0 | |
| 3. | Jedna z nejslavnějších rockový... | Genesis | 0 | |
| 4. | V úterý byl vyhlášen Podnikate... | Oliver Dlouhý | 0 | |
| 5. | Naše reprezentantka Markéta Da... | Denise Herrmannová | 0 | |
| 6. | V následujících pěti otázkách... | krokodýl | 1 | |
| 7. | Desomorfin je syntetický opioi... | v Rusku | 1 | |
| 8. | Značka Crocs je známá předevší... | v USA | 0 | |
| 9. | Česká rodinná komedie Jak se k... | Marie Poledňáková | 0 | |
| 10. | Jak se jmenoval tento muž, zva... | Bill Haley | 0 |